Online
Catalog

Cómo entrar en el mercado / (Record no. 35012)

MARC details
000 -CABECERA
campo de control de longitud fija 00859nam a2200229 a 4500
001 - NÚMERO DE CONTROL
campo de control 000035521
005 - FECHA Y HORA DE LA ÚLTIMA TRANSACCIÓN
campo de control 20200930074414.0
008 - DATOS DE LONGITUD FIJA--INFORMACIÓN GENERAL
campo de control de longitud fija 111103s1991 mx 000 0 spa d
020 ## - NÚMERO INTERNACIONAL ESTÁNDAR DEL LIBRO
Número Internacional Estándar del Libro 9684228740
040 ## - FUENTE DE LA CATALOGACIÓN
Centro catalogador/agencia de origen DO-SdBNP
Lengua de catalogación spa
Centro/agencia transcriptor BNPHU
082 ## - NÚMERO DE LA CLASIFICACIÓN DECIMAL DEWEY
Número de clasificación xxxx
Número de documento/Ítem xxxx
100 1# - ENTRADA PRINCIPAL--NOMBRE DE PERSONA
Nombre de persona Corey, E. Raymond
9 (RLIN) 61405
245 10 - MENCIÓN DE TÍTULO
Título Cómo entrar en el mercado /
Mención de responsabilidad, etc. E. Raymond Corey ; Frank V. Céspedes, V. Kasturi Rangan ; Rosa María Rosas Sánchez.
246 10 - FORMA VARIANTE DE TÍTULO
Título propio/Titulo breve Cómo entrar en el mercado
Resto del título sistema de distribución delos productos industriales
260 ## - PUBLICACIÓN, DISTRIBUCIÓN, ETC.
Lugar de publicación, distribución, etc. México :
Nombre del editor, distribuidor, etc. McGRAW-HILL,
Fecha de publicación, distribución, etc. 1991.
300 ## - DESCRIPCIÓN FÍSICA
Extensión 436 p. ;
Dimensiones 20 cm.
500 ## - NOTA GENERAL
Nota general Incluye índice
504 ## - NOTA DE BIBLIOGRAFÍA, ETC.
Nota de bibliografía, etc. Incluye referencias bibliográficas y notas al pie de las páginas
700 1# - PUNTO DE ACCESO ADICIONAL--NOMBRE DE PERSONA
Nombre de persona V. Céspades, Frank
9 (RLIN) 61406
700 1# - PUNTO DE ACCESO ADICIONAL--NOMBRE DE PERSONA
Nombre de persona Kasturi Rangan, V.
9 (RLIN) 61407
700 1# - PUNTO DE ACCESO ADICIONAL--NOMBRE DE PERSONA
Nombre de persona Rosas Sánchez, María Rosa,
Término indicativo de función/relación tr.
9 (RLIN) 61408
Holdings
Estado de retiro Estado de pérdida Restricciones de uso No para préstamo Código de colección Localización permanente Ubicación/localización actual Ubicación en estantería Fecha de adquisición Número de inventario Total de préstamos Signatura topográfica completa Código de barras Fecha visto por última vez Precio válido a partir de Tipo de ítem Koha
      Excluido de préstamo Monografías: Libros y Folletos General General Depósito 03.11.2011 LF1   xxxx xxxx 35521-10 25.06.2020 25.06.2020 No se presta

Powered by Koha